00253nam a2200097Ia 4500008004100000041000800041082001200049100001600061245004000077260003800117230511s1965 xx 000 0 und d aeng a348.041 aVakil M R  aThe Bombay Law Repoter LXVII 1965  aMumbaibBombay Law Reporterc1965